La vida de un pionero (Record no. 63744)

MARC details
000 -LEADER
campo de control de longitud fija 00725nam a2200217 i 4500
001 - NÚMERO DE CONTROL
campo de control 63744
003 - IDENTIFICADOR DE NÚMERO DE CONTROL
campo de control ES-MaACL
005 - FECHA Y HORA DE LA ÚLTIMA TRANSACCIÓN
campo de control 20230906164946.0
007 - CAMPO FIJO DE DESCRIPCIÓN FÍSICA--INFORMACIÓN GENERAL
campo de control de longitud fija t|
008 - DATOS DE LONGITUD FIJA--INFORMACIÓN GENERAL
campo de control de longitud fija 031216s1970 sp ||||1| spa d
100 1# - ENTRADA PRINCIPAL--NOMBRE DE PERSONA
Nombre de persona Fièvez, Marguerite.
9 (RLIN) 50731
245 13 - MENCIÓN DEL TÍTULO
Título La vida de un pionero
Resto del título : Cardijn /
Mención de responsabilidad, etc. M. Fièvez, J. Meert, R. Aubert ; prefacio de Helder Cámara ; [versión Juan José Enríquez].
250 ## - MENCION DE EDICION
Mención de edición [1ª ed.].
260 ## - PUBLICACIÓN, DISTRIBUCIÓN, ETC.
Lugar de publicación, distribución, etc. Barcelona :
Nombre del editor, distribuidor, etc. Nova Terra,
Fecha de publicación, distribución, etc. [1970]
300 ## - DESCRIPCIÓN FÍSICA
Extensión 304 p. ;
Dimensiones 19 cm.
700 1# - ENTRADA AGREGADA--NOMBRE PERSONAL
Nombre de persona Meert, J.
9 (RLIN) 79798
700 1# - ENTRADA AGREGADA--NOMBRE PERSONAL
Nombre de persona Aubert, R.
9 (RLIN) 23802
700 1# - ENTRADA AGREGADA--NOMBRE PERSONAL
Nombre de persona Cámara, Helder
Títulos y otros términos asociados al nombre , Arzobispo de Olinda-Recife.
9 (RLIN) 33983
700 1# - ENTRADA AGREGADA--NOMBRE PERSONAL
Nombre de persona Enríquez, Juan José.
9 (RLIN) 47279
852 ## - LOCALIZACIÓN
Ubicación ES-MaACL
Número de control de estantería C-49603
Sublocalización o colección R.74483
Holdings
Estatus retirado Estado de pérdida Estado de daño No para préstamo Biblioteca de origen Biblioteca actual Ubicación en estantería Fecha de adquisición Fuente de adquisición Total de préstamos Signatura topográfica completa Código de barras Visto por última vez Precio de reemplazo Tipo de ítem Koha
        Biblioteca del Ateneo de Madrid Biblioteca del Ateneo de Madrid Depósito 2 17/01/2008     C-49603 1066805 23/02/2023 23/02/2023 Libro impreso